00982 a2200217 4500003000500000005001700005010001600022020001500038040000900053082001200062100002800074245005900102260004700161300003400208505030200242650003800544650003100582942001200613999001900625952012000644Nust20221018111748.0 a 85029466 a0442275811 cNust00a620,PIK1 aPike, Ralph W.,910057710aOptimization for engineering systems /cRalph W. Pike. aNew York :bVan Nostrand Reinhold,cc1986. axiv, 417 p. :bill. ;c24 cm. aIntroduction (Page-1), Classical Theory of Maxima and Minima (Page-10), Geometric Programming (Page-58), Linear Programming (Page-80), Single Variable Search Techniques (Page-160), Multivariable Optimization Procedures (Page-203), Dynamic Programming (Page-303), Calculus of Variations (Page-365). 0aEngineeringxMathematical models. 0aMathematical optimization. 2ddccBK c182238d182238 00102ddc4070aMCSbMCScGENd2016-12-12o620,PIKpMCS6528r2016-12-08w2016-12-12yBKzAlmirah No.26, Shelf No.5